Educación y pobreza: políticas, estrategias y desafíos /
Spremljeno u:
| Glavni autor: | |
|---|---|
| Format: | Tekst |
| Oznake: |
Dodaj oznaku
Bez oznaka, Budi prvi tko označuje ovaj zapis!
|
MARC
| LEADER | 00000 a a2200000 04500 | ||
|---|---|---|---|
| 001 | 16768 | ||
| 003 | |||
| 040 | |||
| 100 | |a Rivero, José | ||
| 245 | |a Educación y pobreza: |b políticas, estrategias y desafíos / |c José Rivero | ||
| 773 | |g volumen 36, número 106; páginas 107-143 | ||
| 999 | |c 30335 |d 30335 | ||
